000 004470000a22001810004500
003 MACL
005 20160107132749.0
008 160107b xxu||||| |||| 00| 0 eng d
040 _aMACL
_cMACL
041 _aEnglish
082 _a824/NEH
100 _aNehru, Jawaharlal
_93957
245 _aA Bunch of Old Letters
260 _bOxford University Press
_c1988
_aBombay
350 _a160
650 _aLetter's
_929229
942 _cBK
_k824/Neh
_2ddc
999 _c33936
_d33936